| 000 | 01131cam a2200181 4500500 | ||
|---|---|---|---|
| 005 | 20251228095012.0 | ||
| 041 | _afre | ||
| 042 | _adc | ||
| 100 | 1 | 0 |
_aBouit, Delphine _eauthor |
| 245 | 0 | 0 | _aRita Azevedo Gomes, La vengeance d’une femme (A Vingança de uma Mulher), film 2011, 1h20 |
| 260 | _c2015. | ||
| 500 | _a80 | ||
| 520 | _aLes nus traversent l’œuvre de Marcel Duchamp. En mouvement ou immobiles, fantomatiques ou lourdes machineries, que nous disent ces corps sans visages d’un artiste très cérébral ? | ||
| 520 | _aThere are nudes throughout Marcel Duchamp’s work. Whether they are moving or motionless, phantoms or heavy machines, what do those faceless bodies tell us about this very cerebral artist? | ||
| 520 | _aOs nus percorrem a obra de Marcel Duchamp. Imóveis ou em movimento, fantasmáticos ou assumindo os contornos de uma maquinaria pesada, o que revelam esses corpos sem rosto de um artista iminentemente cerebral? | ||
| 786 | 0 | _nSigila | 35 | 1 | 2015-03-01 | p. 179f-180f | 1286-1715 | |
| 856 | 4 | 1 | _uhttps://shs.cairn.info/revue-sigila-2015-1-page-179f?lang=fr&redirect-ssocas=7080 |
| 999 |
_c1605316 _d1605316 |
||